000
00334nam a2200133Ia 4500
008
220216s9999 xx 000 0 und d
100
_a
Mydin K K
245
0
_a
Nannooru parampara inangal oru dasakam pinnidumpol
260
_b
Rubber
_c
2016
300
_a
13-Sep
650
_a
RRII 400 series
700
_a
Meenakumari T
942
_c
BS
999
_c
49206
_d
49206